[Event "World Chess Olympiad 2018"]
[Site "Batumi"]
[Date "2018.09.26"]
[Round "3"]
[Board "3"]
[WhiteFideId "16600614"]
[White "Cabuso Rustum"]
[BlackFideId "11501731"]
[Black "Allam Mohamed"]
[Result "0-1"]
[LiveChessVersion "1.4.8"]
[BlackElo "1948"]
[WhiteElo "1730"]

1. e4 {[%clk 1:30:44]} e5 {[%clk 1:30:06]} 2. Nf3 {[%clk 1:30:36]} Nc6
{[%clk 1:30:11]} 3. Bb5 {[%clk 1:29:46]} a6 {[%clk 1:29:09]} 4. Ba4
{[%clk 1:29:03]} Nf6 {[%clk 1:28:50]} 5. d3 {[%clk 1:28:34]} b5 {[%clk 1:27:55]}
6. Bb3 {[%clk 1:28:34]} Be7 {[%clk 1:23:54]} 7. O-O {[%clk 1:27:16]} d6
{[%clk 1:24:00]} 8. h3 {[%clk 1:27:03]} O-O {[%clk 1:19:41]} 9. Be3
{[%clk 1:25:33]} Na5 {[%clk 1:18:54]} 10. Nbd2 {[%clk 1:24:03]} c5
{[%clk 1:16:58]} 11. c3 {[%clk 1:20:01]} Bb7 {[%clk 1:13:19]} 12. Bc2
{[%clk 1:16:29]} Rc8 {[%clk 1:03:31]} 13. Rc1 {[%clk 1:16:23]} Nc6
{[%clk 0:57:38]} 14. d4 {[%clk 1:09:34]} b4 {[%clk 0:52:58]} 15. d5
{[%clk 1:08:08]} bxc3 {[%clk 0:48:42]} 16. bxc3 {[%clk 1:04:17]} Na7
{[%clk 0:48:57]} 17. c4 {[%clk 1:03:47]} Rb8 {[%clk 0:47:58]} 18. Nh2
{[%clk 1:01:44]} Qa5 {[%clk 0:39:21]} 19. Bb3 {[%clk 0:59:19]} Rfe8
{[%clk 0:36:06]} 20. f4 {[%clk 0:56:06]} Nd7 {[%clk 0:34:16]} 21. f5
{[%clk 0:54:45]} Qd8 {[%clk 0:33:25]} 22. Qh5 {[%clk 0:52:44]} Bc8
{[%clk 0:32:27]} 23. Ng4 {[%clk 0:52:15]} Nf6 {[%clk 0:32:18]} 24. Nxf6+
{[%clk 0:51:35]} Bxf6 {[%clk 0:32:43]} 25. Nf3 {[%clk 0:48:31]} Rf8
{[%clk 0:29:44]} 26. Nh2 {[%clk 0:39:49]} h6 {[%clk 0:26:55]} 27. Ng4
{[%clk 0:36:54]} Bg5 {[%clk 0:27:21]} 28. Rf3 {[%clk 0:35:02]} Bxe3+
{[%clk 0:18:17]} 29. Nxe3 {[%clk 0:31:53]} Qf6 {[%clk 0:15:53]} 30. h4
{[%clk 0:29:23]} Kh7 {[%clk 0:13:57]} 31. Ng4 {[%clk 0:27:58]} Qd8
{[%clk 0:14:25]} 32. Rcf1 {[%clk 0:27:02]} Qe8 {[%clk 0:09:48]} 33. f6
{[%clk 0:24:01]} Bxg4 {[%clk 0:10:07]} 34. Qxg4 {[%clk 0:23:51]} g6
{[%clk 0:10:20]} 35. Qh3 {[%clk 0:21:28]} a5 {[%clk 0:10:15]} 36. a4
{[%clk 0:20:49]} Qc8 {[%clk 0:09:10]} 37. g4 {[%clk 0:18:31]} Rb4
{[%clk 0:09:11]} 38. Rc3 {[%clk 0:16:26]} Qd7 {[%clk 0:08:38]} 39. Ra1
{[%clk 0:14:35]} Rfb8 {[%clk 0:08:38]} 40. Qf3 {[%clk 0:43:47]} Nc8
{[%clk 0:36:42]} 41. Qd1 {[%clk 0:40:39]} Nb6 {[%clk 0:33:16]} 42. Kf1
{[%clk 0:34:39]} Qc8 {[%clk 0:29:16]} 43. Kg1 {[%clk 0:29:11]} Rb7
{[%clk 0:27:24]} 44. Qe2 {[%clk 0:23:10]} Nxd5 {[%clk 0:27:12]} 45. exd5
{[%clk 0:20:50]} Rxb3 {[%clk 0:27:34]} 46. Rxb3 {[%clk 0:18:46]} Rxb3
{[%clk 0:27:56]} 47. Kh2 {[%clk 0:18:35]} Qb7 {[%clk 0:27:45]} 48. Ra2
{[%clk 0:18:19]} Qb4 {[%clk 0:28:03]} 49. h5 {[%clk 0:17:14]} g5 {[%clk 0:26:33]}
50. Qc2+ {[%clk 0:12:02]} Kg8 {[%clk 0:26:59]} 51. Kg2 {[%clk 0:11:33]} Qb7
{[%clk 0:26:19]} 52. Qe2 {[%clk 0:10:18]} Qd7 {[%clk 0:24:18]} 53. Kh2
{[%clk 0:09:30]} Rb4 {[%clk 0:23:30]} 54. Kg3 {[%clk 0:07:40]} Rxa4
{[%clk 0:21:41]} 55. Qc2 {[%clk 0:05:48]} Rxa2 {[%clk 0:21:59]} 56. Qxa2
{[%clk 0:06:11]} Qd8 {[%clk 0:22:26]} 57. Qf2 {[%clk 0:06:05]} a4
{[%clk 0:22:25]} 58. Kh3 {[%clk 0:05:03]} a3 {[%clk 0:22:08]} 59. Kg3
{[%clk 0:04:35]} Qa5 {[%clk 0:21:52]} 60. Qf5 {[%clk 0:04:24]} Qa8
{[%clk 0:22:12]} 61. Qb1 {[%clk 0:04:00]} a2 {[%clk 0:22:14]} 62. Qa1
{[%clk 0:04:11]} Qa3+ {[%clk 0:22:29]} 63. Kg2 {[%clk 0:04:18]} Qb3
{[%clk 0:22:52]} 64. Qxe5 {[%clk 0:00:32]} dxe5 {[%clk 0:23:07]} 65. d6
{[%clk 0:00:33]} a1=Q {[%clk 0:23:28]} 0-1

[Event "World Chess Olympiad 2018"]
[Site "Batumi"]
[Date "2018.09.26"]
[Round "3"]
[Board "4"]
[WhiteFideId "3400085"]
[White "Michel Yunis Christian D."]
[BlackFideId "16601246"]
[Black "Toribiong Leif"]
[Result "1-0"]
[LiveChessVersion "1.4.8"]
[BlackElo "1323"]
[WhiteElo "2233"]

1. d4 {[%clk 1:30:53]} d5 {[%clk 1:30:29]} 2. c4 {[%clk 1:31:11]} c6
{[%clk 1:29:52]} 3. Nf3 {[%clk 1:31:25]} Nh6 {[%clk 1:28:40]} 4. Nc3
{[%clk 1:31:16]} dxc4 {[%clk 1:26:49]} 5. a4 {[%clk 1:27:13]} Na6
{[%clk 1:25:19]} 6. e4 {[%clk 1:25:13]} Qa5 {[%clk 1:21:30]} 7. Ne5
{[%clk 1:24:01]} Be6 {[%clk 1:18:32]} 8. Bxh6 {[%clk 1:12:04]} gxh6
{[%clk 1:18:14]} 9. f4 {[%clk 1:11:51]} f6 {[%clk 1:12:42]} 10. Qh5+
{[%clk 1:12:08]} Kd8 {[%clk 1:12:03]} 11. Nxc6+ {[%clk 1:12:25]} bxc6
{[%clk 1:12:00]} 12. Qxa5+ {[%clk 1:12:51]} Nc7 {[%clk 1:12:08]} 13. d5
{[%clk 1:13:03]} cxd5 {[%clk 1:12:23]} 14. O-O-O {[%clk 1:12:27]} Rc8
{[%clk 1:11:47]} 15. Nxd5 {[%clk 1:11:59]} Bxd5 {[%clk 1:11:39]} 16. Rxd5+
{[%clk 1:12:02]} Ke8 {[%clk 1:11:56]} 17. Be2 {[%clk 1:12:00]} e6
{[%clk 1:09:33]} 18. Bh5+ {[%clk 1:12:20]} Ke7 {[%clk 1:09:50]} 19. Qb4#
{[%clk 1:12:17]} 1-0

[Event "World Chess Olympiad 2018"]
[Site "Batumi"]
[Date "2018.09.26"]
[Round "3"]
[Board "1"]
[WhiteFideId "16100212"]
[White "Ali Abdullahi Farah"]
[BlackFideId "11800011"]
[Black "Berardi Giancarlo"]
[Result "1-0"]
[LiveChessVersion "1.4.8"]
[BlackElo "1766"]
[WhiteElo "2000"]

1. d4 {[%clk 1:30:58]} c5 {[%clk 1:30:40]} 2. c3 {[%clk 1:31:26]} cxd4
{[%clk 1:28:43]} 3. cxd4 {[%clk 1:31:55]} Nf6 {[%clk 1:28:41]} 4. Nc3
{[%clk 1:32:17]} g6 {[%clk 1:28:41]} 5. e4 {[%clk 1:32:02]} d6 {[%clk 1:28:08]}
6. f3 {[%clk 1:19:44]} Bg7 {[%clk 1:28:18]} 7. Be3 {[%clk 1:20:13]} O-O
{[%clk 1:27:40]} 8. Qd2 {[%clk 1:20:42]} Nc6 {[%clk 1:22:52]} 9. Nge2
{[%clk 1:17:41]} Bd7 {[%clk 1:17:01]} 10. g4 {[%clk 1:17:30]} Rc8
{[%clk 1:16:18]} 11. Ng3 {[%clk 1:17:33]} Na5 {[%clk 1:14:11]} 12. h4
{[%clk 1:16:44]} Nc4 {[%clk 1:12:20]} 13. Bxc4 {[%clk 1:15:18]} Rxc4
{[%clk 1:12:43]} 14. h5 {[%clk 1:14:14]} b5 {[%clk 1:08:48]} 15. Rc1
{[%clk 1:10:12]} b4 {[%clk 1:07:58]} 16. Nce2 {[%clk 1:07:55]} Rxc1+
{[%clk 1:07:30]} 17. Nxc1 {[%clk 1:07:46]} a5 {[%clk 1:02:48]} 18. Bh6
{[%clk 1:06:56]} Qc7 {[%clk 0:59:04]} 19. Nce2 {[%clk 1:02:39]} Rc8
{[%clk 0:56:55]} 20. Bxg7 {[%clk 0:56:12]} Kxg7 {[%clk 0:55:29]} 21. hxg6
{[%clk 0:55:03]} fxg6 {[%clk 0:54:43]} 22. Qh6+ {[%clk 0:55:08]} Kf7
{[%clk 0:53:37]} 23. g5 {[%clk 0:50:22]} Rh8 {[%clk 0:48:00]} 24. gxf6
{[%clk 0:50:07]} exf6 {[%clk 0:48:12]} 25. Rg1 {[%clk 0:49:40]} Qc2
{[%clk 0:46:59]} 26. Nh5 {[%clk 0:39:28]} Bb5 {[%clk 0:40:47]} 27. Qg7+
{[%clk 0:33:32]} Ke8 {[%clk 0:39:24]} 28. Nxf6+ {[%clk 0:26:54]} Kd8
{[%clk 0:39:39]} 29. Qxh8+ {[%clk 0:27:15]} Kc7 {[%clk 0:39:03]} 30. Nd5+
{[%clk 0:24:50]} Kb7 {[%clk 0:37:35]} 31. Qxh7+ {[%clk 0:24:20]} Ka8
{[%clk 0:36:47]} 32. Nc7+ {[%clk 0:18:24]} Kb8 {[%clk 0:34:34]} 33. Nxb5
{[%clk 0:16:42]} Qxb2 {[%clk 0:34:00]} 34. Qc7+ {[%clk 0:12:46]} Ka8
{[%clk 0:34:15]} 35. Qa7# {[%clk 0:10:28]} 1-0

[Event "World Chess Olympiad 2018"]
[Site "Batumi"]
[Date "2018.09.26"]
[Round "3"]
[Board "2"]
[WhiteFideId "11800046"]
[White "Grassi Enrico"]
[BlackFideId "16100360"]
[Black "Islam Sh.Nour Kassim"]
[Result "1-0"]
[LiveChessVersion "1.4.8"]
[BlackElo "1995"]
[WhiteElo "1965"]

1. e4 {[%clk 1:30:29]} e5 {[%clk 1:29:12]} 2. Nf3 {[%clk 1:30:53]} Nf6
{[%clk 1:29:40]} 3. Nxe5 {[%clk 1:30:20]} d6 {[%clk 1:29:51]} 4. Nf3
{[%clk 1:30:32]} Nxe4 {[%clk 1:30:13]} 5. d4 {[%clk 1:30:56]} d5 {[%clk 1:30:31]}
6. Bd3 {[%clk 1:31:06]} Be7 {[%clk 1:23:28]} 7. O-O {[%clk 1:29:13]} O-O
{[%clk 1:23:19]} 8. Re1 {[%clk 1:28:02]} Nf6 {[%clk 1:23:09]} 9. h3
{[%clk 1:26:42]} Nbd7 {[%clk 1:21:58]} 10. Bf4 {[%clk 1:25:48]} Re8
{[%clk 1:21:57]} 11. Nbd2 {[%clk 1:24:07]} b6 {[%clk 1:19:51]} 12. Bb5
{[%clk 1:18:05]} Bb7 {[%clk 1:16:29]} 13. Ne5 {[%clk 1:15:27]} a6
{[%clk 1:15:03]} 14. Nc6 {[%clk 1:10:54]} Bxc6 {[%clk 1:14:48]} 15. Bxc6
{[%clk 1:11:20]} Rb8 {[%clk 1:14:23]} 16. Nf3 {[%clk 1:11:16]} Bb4
{[%clk 1:04:55]} 17. Rxe8+ {[%clk 1:06:57]} Nxe8 {[%clk 1:02:18]} 18. Bxd5
{[%clk 1:05:52]} Ndf6 {[%clk 1:02:19]} 19. Bb3 {[%clk 1:05:48]} Nd5
{[%clk 0:58:35]} 20. Bg3 {[%clk 1:05:05]} Nef6 {[%clk 0:56:02]} 21. Ne5
{[%clk 1:04:34]} Qe8 {[%clk 0:55:06]} 22. c3 {[%clk 0:57:25]} Bd6
{[%clk 0:54:32]} 23. Qd3 {[%clk 0:55:33]} b5 {[%clk 0:52:42]} 24. Re1
{[%clk 0:49:07]} a5 {[%clk 0:45:39]} 25. Kf1 {[%clk 0:46:49]} a4 {[%clk 0:42:13]}
26. Bc2 {[%clk 0:46:51]} Qc8 {[%clk 0:36:13]} 27. Nc6 {[%clk 0:34:54]} Rb6
{[%clk 0:34:05]} 28. Bxd6 {[%clk 0:33:50]} cxd6 {[%clk 0:31:22]} 29. Ne7+
{[%clk 0:33:18]} Nxe7 {[%clk 0:31:36]} 30. Rxe7 {[%clk 0:33:35]} d5
{[%clk 0:29:20]} 31. Re1 {[%clk 0:29:28]} g6 {[%clk 0:28:21]} 32. a3
{[%clk 0:28:00]} Ne4 {[%clk 0:26:58]} 33. f3 {[%clk 0:26:28]} Nf6
{[%clk 0:22:01]} 34. Qe2 {[%clk 0:24:51]} Qc7 {[%clk 0:19:23]} 35. Bd3
{[%clk 0:20:02]} Qg3 {[%clk 0:16:38]} 36. Qe5 {[%clk 0:18:53]} Qh4
{[%clk 0:16:45]} 37. Qc7 {[%clk 0:17:59]} Re6 {[%clk 0:14:24]} 38. Qd8+
{[%clk 0:17:04]} Kg7 {[%clk 0:14:31]} 39. Rxe6 {[%clk 0:17:30]} fxe6
{[%clk 0:14:16]} 40. Qe7+ {[%clk 0:17:55]} Kh6 {[%clk 0:14:05]} 41. Qxe6
{[%clk 0:15:38]} Qf4 {[%clk 0:09:10]} 42. Kf2 {[%clk 0:13:34]} Ne4+
{[%clk 0:05:58]} 43. Bxe4 {[%clk 0:13:09]} Qd2+ {[%clk 0:05:46]} 44. Kg3
{[%clk 0:12:52]} dxe4 {[%clk 0:04:53]} 45. Qxe4 {[%clk 0:11:42]} Qxb2
{[%clk 0:04:12]} 46. Qe3+ {[%clk 0:11:12]} Kg7 {[%clk 0:03:41]} 47. Qe7+
{[%clk 0:10:57]} Kh6 {[%clk 0:03:23]} 48. Qc5 {[%clk 0:10:56]} Qe2
{[%clk 0:03:11]} 49. Qe5 {[%clk 0:07:02]} Qc4 {[%clk 0:02:02]} 50. d5
{[%clk 0:05:29]} g5 {[%clk 0:00:40]} 51. d6 {[%clk 0:04:04]} Qc6 {[%clk 0:01:00]}
52. h4 {[%clk 0:01:18]} gxh4+ {[%clk 0:00:47]} 53. Kxh4 {[%clk 0:30:59]} Qc4+
{[%clk 0:29:25]} 54. g4 {[%clk 0:30:11]} Kg6 {[%clk 0:22:43]} 55. Qe4+
{[%clk 0:30:17]} Kf6 {[%clk 0:21:05]} 56. Qxc4 {[%clk 0:29:56]} bxc4
{[%clk 0:21:24]} 57. Kh5 {[%clk 0:30:21]} 1-0

[Event "World Chess Olympiad 2018"]
[Site "Batumi"]
[Date "2018.09.26"]
[Round "3"]
[Board "3"]
[WhiteFideId "16100352"]
[White "Mohamud Hussein Ali"]
[BlackFideId "11800054"]
[Black "Volpinari Danilo"]
[Result "0-1"]
[LiveChessVersion "1.4.8"]
[BlackElo "1985"]
[WhiteElo "1694"]

1. d4 {[%clk 1:28:50]} d5 {[%clk 1:30:33]} 2. c4 {[%clk 1:29:11]} e6
{[%clk 1:30:38]} 3. Nc3 {[%clk 1:29:32]} c6 {[%clk 1:30:28]} 4. e3
{[%clk 1:18:51]} Bd6 {[%clk 1:29:33]} 5. Nf3 {[%clk 1:18:56]} f5 {[%clk 1:28:04]}
6. Bd3 {[%clk 1:18:25]} Nf6 {[%clk 1:28:13]} 7. O-O {[%clk 1:16:11]} O-O
{[%clk 1:26:48]} 8. a4 {[%clk 1:13:25]} a5 {[%clk 1:24:23]} 9. c5
{[%clk 1:11:57]} Bc7 {[%clk 1:23:59]} 10. Ne5 {[%clk 1:06:13]} Bxe5
{[%clk 1:12:23]} 11. dxe5 {[%clk 1:06:31]} Nfd7 {[%clk 1:12:24]} 12. f4
{[%clk 1:04:27]} Nxc5 {[%clk 1:11:43]} 13. Bc2 {[%clk 1:03:09]} Nba6
{[%clk 1:10:22]} 14. g4 {[%clk 0:57:39]} Nb4 {[%clk 1:01:12]} 15. Bb1
{[%clk 0:57:32]} g6 {[%clk 1:00:08]} 16. g5 {[%clk 0:51:37]} b6 {[%clk 0:58:04]}
17. h4 {[%clk 0:50:59]} Ba6 {[%clk 0:57:06]} 18. Rf2 {[%clk 0:51:06]} Kg7
{[%clk 0:50:49]} 19. Ne2 {[%clk 0:44:11]} Bxe2 {[%clk 0:49:07]} 20. Rxe2
{[%clk 0:43:46]} Ra7 {[%clk 0:47:03]} 21. b3 {[%clk 0:41:59]} Rd7
{[%clk 0:45:37]} 22. Bb2 {[%clk 0:41:41]} Ne4 {[%clk 0:42:44]} 23. Rh2
{[%clk 0:40:40]} c5 {[%clk 0:39:36]} 24. h5 {[%clk 0:35:50]} Rh8 {[%clk 0:39:48]}
25. Bxe4 {[%clk 0:21:05]} dxe4 {[%clk 0:39:47]} 26. Qe2 {[%clk 0:20:09]} Rd3
{[%clk 0:37:51]} 27. Ba3 {[%clk 0:15:23]} Nd5 {[%clk 0:36:48]} 28. Rh3
{[%clk 0:13:24]} Nxf4 {[%clk 0:34:08]} 29. h6+ {[%clk 0:10:30]} Kf7
{[%clk 0:34:05]} 30. exf4 {[%clk 0:10:42]} Rxh3 {[%clk 0:34:12]} 31. Rd1
{[%clk 0:07:33]} Rd3 {[%clk 0:34:14]} 32. Rxd3 {[%clk 0:06:44]} Qxd3
{[%clk 0:33:57]} 33. Qxd3 {[%clk 0:06:45]} exd3 {[%clk 0:34:24]} 34. Kf2
{[%clk 0:06:33]} Rd8 {[%clk 0:34:12]} 35. Ke1 {[%clk 0:06:51]} d2+
{[%clk 0:33:08]} 36. Kd1 {[%clk 0:07:05]} Rd3 {[%clk 0:33:14]} 0-1

[Event "World Chess Olympiad 2018"]
[Site "Batumi"]
[Date "2018.09.26"]
[Round "3"]
[Board "4"]
[WhiteFideId "11800038"]
[White "Righi Ezio"]
[BlackFideId "16100468"]
[Black "Abdikani Nor Mohamed"]
[Result "0-1"]
[LiveChessVersion "1.4.8"]
[BlackElo "1517"]
[WhiteElo "2031"]

1. e4 {[%clk 1:30:53]} e6 {[%clk 1:28:40]} 2. d4 {[%clk 1:31:08]} d5
{[%clk 1:28:48]} 3. Nc3 {[%clk 1:31:06]} Nf6 {[%clk 1:28:26]} 4. Bg5
{[%clk 1:30:50]} Be7 {[%clk 1:21:36]} 5. Bxf6 {[%clk 1:30:16]} Bxf6
{[%clk 1:21:41]} 6. Nf3 {[%clk 1:30:33]} O-O {[%clk 1:18:11]} 7. e5
{[%clk 1:30:26]} Be7 {[%clk 1:18:22]} 8. Bd3 {[%clk 1:30:36]} c5 {[%clk 1:18:09]}
9. h4 {[%clk 1:29:51]} Qb6 {[%clk 1:15:29]} 10. Bxh7+ {[%clk 1:23:53]} Kh8
{[%clk 1:12:42]} 11. Ng5 {[%clk 1:22:44]} g6 {[%clk 0:54:16]} 12. h5
{[%clk 1:03:59]} Qxb2 {[%clk 0:34:10]} 13. hxg6 {[%clk 1:01:17]} Qxc3+
{[%clk 0:31:00]} 14. Kf1 {[%clk 1:00:58]} Bxg5 {[%clk 0:26:56]} 15. Qh5
{[%clk 0:58:46]} Qxa1+ {[%clk 0:25:34]} 16. Ke2 {[%clk 0:59:07]} Qxh1
{[%clk 0:25:13]} 17. Qxh1 {[%clk 0:59:22]} Kg7 {[%clk 0:23:26]} 18. Qh5
{[%clk 0:57:34]} Bh6 {[%clk 0:18:12]} 19. g4 {[%clk 0:57:13]} f6 {[%clk 0:17:04]}
20. exf6+ {[%clk 0:57:16]} Rxf6 {[%clk 0:17:24]} 21. g5 {[%clk 0:57:28]} Bxg5
{[%clk 0:17:41]} 22. Bg8 {[%clk 0:55:19]} Bh6 {[%clk 0:17:34]} 23. Bf7
{[%clk 0:55:23]} Nd7 {[%clk 0:16:40]} 24. Qh2 {[%clk 0:55:29]} Rxf7
{[%clk 0:15:11]} 25. gxf7 {[%clk 0:55:49]} b6 {[%clk 0:13:34]} 26. Kf3
{[%clk 0:49:56]} Nf8 27. Kg4 {[%clk 0:48:59]} e5+ {[%clk 0:09:21]} 28. Kh5
{[%clk 0:49:18]} Bf4 {[%clk 0:09:29]} 29. Qg2+ {[%clk 0:49:20]} Kxf7
{[%clk 0:09:50]} 30. Qxd5+ {[%clk 0:49:35]} Be6 {[%clk 0:08:43]} 31. Qxa8
{[%clk 0:49:33]} cxd4 {[%clk 0:08:23]} 32. Qxa7+ {[%clk 0:49:45]} Nd7
{[%clk 0:08:36]} 33. Qb7 {[%clk 0:48:52]} Ke7 {[%clk 0:08:41]} 34. Kg6
{[%clk 0:46:00]} Bxa2 {[%clk 0:08:27]} 35. Kf5 {[%clk 0:45:37]} Be6+
{[%clk 0:08:44]} 36. Ke4 {[%clk 0:43:27]} Kd6 {[%clk 0:08:34]} 37. Qa7
{[%clk 0:43:17]} Bd5+ {[%clk 0:06:52]} 38. Kf5 {[%clk 0:42:48]} Be6+
{[%clk 0:06:48]} 39. Ke4 {[%clk 0:43:11]} Nc5+ {[%clk 0:06:56]} 40. Kf3
{[%clk 0:43:24]} Nd7 {[%clk 0:05:07]} 41. Qa3+ {[%clk 0:41:26]} Nc5
{[%clk 0:04:37]} 42. Qa7 {[%clk 0:41:19]} Bd5+ {[%clk 0:04:36]} 43. Ke2
{[%clk 0:40:33]} Nd7 {[%clk 0:03:09]} 44. Qa3+ {[%clk 0:40:05]} Ke6
{[%clk 0:03:05]} 45. Qh3+ {[%clk 0:39:37]} Ke7 {[%clk 0:01:47]} 46. Qa3+
{[%clk 0:39:50]} Kf6 {[%clk 0:01:42]} 47. Qd6+ {[%clk 0:37:25]} Be6
{[%clk 0:01:10]} 48. Qa3 {[%clk 0:35:17]} e4 {[%clk 0:21:58]} 49. Qb4
{[%clk 1:04:44]} Be5 {[%clk 0:20:45]} 50. Kd2 {[%clk 0:56:45]} Bf5
{[%clk 0:18:17]} 51. Qa4 {[%clk 0:53:25]} d3 {[%clk 0:17:14]} 52. cxd3
{[%clk 0:51:05]} exd3 {[%clk 0:16:44]} 53. f4 {[%clk 0:47:58]} Bd6
{[%clk 0:14:17]} 54. Qd4+ {[%clk 0:47:51]} Ke6 {[%clk 0:13:06]} 55. Qc4+
{[%clk 0:47:22]} Ke7 {[%clk 0:13:12]} 56. Qd4 {[%clk 0:46:30]} Nf6
{[%clk 0:12:37]} 57. Kc3 {[%clk 0:43:54]} Bxf4 {[%clk 0:11:32]} 58. Kc4
{[%clk 0:43:00]} d2 {[%clk 0:10:11]} 59. Qxf4 {[%clk 0:42:19]} d1=Q
{[%clk 0:09:44]} 60. Qxf5 {[%clk 0:41:47]} Qa4+ {[%clk 0:09:48]} 0-1

[Event "World Chess Olympiad 2018"]
[Site "Batumi"]
[Date "2018.09.26"]
[Round "3"]
[Board "1"]
[WhiteFideId "19700261"]
[White "Drayton Anthony"]
[BlackFideId "15400344"]
[Black "Ieong Seak Hin"]
[Result "1-0"]
[LiveChessVersion "1.4.8"]
[BlackElo "1825"]
[WhiteElo "2024"]

1. e4 {[%clk 1:30:40]} e5 {[%clk 1:30:38]} 2. Nf3 {[%clk 1:30:56]} Nc6
{[%clk 1:30:53]} 3. d4 {[%clk 1:30:36]} exd4 {[%clk 1:31:13]} 4. Bc4
{[%clk 1:30:20]} Bc5 {[%clk 1:30:51]} 5. c3 {[%clk 1:30:21]} Nf6 {[%clk 1:26:32]}
6. e5 {[%clk 1:30:23]} d5 {[%clk 1:24:54]} 7. Bb5 {[%clk 1:30:23]} Ne4
{[%clk 1:23:57]} 8. Nxd4 {[%clk 1:27:24]} Bd7 {[%clk 1:23:29]} 9. Bxc6
{[%clk 1:24:03]} bxc6 {[%clk 1:21:34]} 10. O-O {[%clk 1:23:38]} O-O
{[%clk 1:21:50]} 11. Nd2 {[%clk 1:19:37]} Nxd2 {[%clk 1:17:14]} 12. Bxd2
{[%clk 1:19:45]} Qh4 {[%clk 1:17:25]} 13. f4 {[%clk 1:05:23]} Rab8
{[%clk 1:13:49]} 14. b3 {[%clk 1:00:30]} f6 {[%clk 1:12:48]} 15. Qe1
{[%clk 0:55:34]} Qxe1 {[%clk 1:06:48]} 16. Raxe1 {[%clk 0:55:33]} fxe5
{[%clk 1:01:50]} 17. fxe5 {[%clk 0:54:59]} Rxf1+ {[%clk 0:57:30]} 18. Kxf1
{[%clk 0:54:33]} Bg4 {[%clk 0:54:30]} 19. Be3 {[%clk 0:50:58]} Rf8+
{[%clk 0:51:56]} 20. Kg1 {[%clk 0:51:04]} Bd7 {[%clk 0:51:30]} 21. b4
{[%clk 0:48:05]} Bb6 {[%clk 0:37:38]} 22. e6 {[%clk 0:45:58]} Be8
{[%clk 0:34:52]} 23. Nb3 {[%clk 0:41:53]} Bg6 {[%clk 0:27:31]} 24. Bc5
{[%clk 0:40:38]} Re8 {[%clk 0:27:16]} 25. Nd4 {[%clk 0:39:59]} Be4
{[%clk 0:26:05]} 26. a4 {[%clk 0:39:23]} a5 {[%clk 0:26:09]} 27. g4
{[%clk 0:31:54]} g6 {[%clk 0:15:43]} 28. Kf2 {[%clk 0:32:08]} axb4
{[%clk 0:15:46]} 29. cxb4 {[%clk 0:32:21]} Bxc5 {[%clk 0:14:51]} 30. bxc5
{[%clk 0:32:40]} Ra8 {[%clk 0:14:52]} 31. Ra1 {[%clk 0:32:28]} Ra5
{[%clk 0:11:55]} 32. Nb3 {[%clk 0:32:30]} Ra6 {[%clk 0:12:14]} 33. a5
{[%clk 0:32:42]} h6 {[%clk 0:10:27]} 34. Ke3 {[%clk 0:33:00]} Bg2
{[%clk 0:08:23]} 35. Kf4 {[%clk 0:32:41]} Kg7 {[%clk 0:04:56]} 36. Ke5
{[%clk 0:32:48]} Bh3 {[%clk 0:04:59]} 37. Rg1 {[%clk 0:30:59]} Ra8
{[%clk 0:04:34]} 38. Rg3 {[%clk 0:29:44]} Bf1 {[%clk 0:04:59]} 39. Rf3
{[%clk 0:28:10]} Bc4 {[%clk 0:01:27]} 40. Rf7+ {[%clk 0:58:16]} Kg8
{[%clk 0:31:52]} 41. Nd4 {[%clk 0:58:24]} Rxa5 {[%clk 0:30:37]} 42. Nxc6
{[%clk 0:58:18]} Rxc5 {[%clk 0:29:03]} 43. Ne7+ {[%clk 0:58:28]} Kh8
{[%clk 0:29:28]} 44. Nxg6+ {[%clk 0:58:45]} Kg8 {[%clk 0:29:55]} 45. Kf6
{[%clk 0:58:30]} 1-0

[Event "World Chess Olympiad 2018"]
[Site "Batumi"]
[Date "2018.09.26"]
[Round "3"]
[Board "2"]
[WhiteFideId "15400166"]
[White "Mak Tong Kuan"]
[BlackFideId "19700024"]
[Black "Khan Taffin"]
[Result "1/2-1/2"]
[LiveChessVersion "1.4.8"]
[BlackElo "1900"]
[WhiteElo "1840"]

1. c4 {[%clk 1:30:38]} e5 {[%clk 1:30:49]} 2. Nc3 {[%clk 1:30:43]} Nc6
{[%clk 1:30:46]} 3. g3 {[%clk 1:30:44]} Nf6 {[%clk 1:31:04]} 4. Bg2
{[%clk 1:30:59]} Bc5 {[%clk 1:31:00]} 5. Nf3 {[%clk 1:29:57]} d6 {[%clk 1:31:06]}
6. d3 {[%clk 1:25:00]} a6 {[%clk 1:31:25]} 7. a3 {[%clk 1:18:54]} O-O
{[%clk 1:30:02]} 8. O-O {[%clk 1:19:11]} Nd4 {[%clk 1:29:08]} 9. b4
{[%clk 1:16:32]} Nxf3+ {[%clk 1:28:54]} 10. Bxf3 {[%clk 1:16:47]} Bd4
{[%clk 1:29:17]} 11. Bb2 {[%clk 1:16:41]} c6 {[%clk 1:29:34]} 12. Bg2
{[%clk 1:03:29]} Bd7 {[%clk 1:29:19]} 13. e3 {[%clk 1:03:32]} Bb6
{[%clk 1:29:38]} 14. a4 {[%clk 1:00:50]} Qc8 {[%clk 1:28:27]} 15. a5
{[%clk 0:50:38]} Bc7 {[%clk 1:28:31]} 16. Na4 {[%clk 0:46:27]} Bh3
{[%clk 1:27:29]} 17. d4 {[%clk 0:40:22]} Bxg2 {[%clk 1:27:06]} 18. Kxg2
{[%clk 0:40:46]} Qe6 {[%clk 1:27:18]} 19. dxe5 {[%clk 0:38:00]} dxe5
{[%clk 1:26:21]} 20. Qe2 {[%clk 0:37:29]} Nd7 {[%clk 1:20:10]} 21. e4
{[%clk 0:32:55]} Bd6 {[%clk 1:15:21]} 22. Bc3 {[%clk 0:32:16]} Qe7
{[%clk 1:12:33]} 23. Rfd1 {[%clk 0:26:55]} Rfd8 {[%clk 1:12:36]} 24. Rab1
{[%clk 0:23:49]} Bc7 {[%clk 1:11:19]} 25. Be1 {[%clk 0:16:02]} Nf8
{[%clk 1:08:39]} 26. Nc5 {[%clk 0:15:47]} Bd6 {[%clk 1:08:47]} 27. f3
{[%clk 0:15:35]} Ne6 {[%clk 1:08:50]} 28. Nxe6 {[%clk 0:10:59]} Qxe6
{[%clk 1:09:11]} 29. Bf2 {[%clk 0:10:13]} Bc7 {[%clk 1:08:23]} 30. Bc5
{[%clk 0:09:55]} f6 {[%clk 1:08:07]} 1/2-1/2